A minha vida é trepar (Registo nº 2048)

Detalhes MARC
000 -Etiqueta do registo
Cabeçalho 00862nam a22002891 4500
005 - Identificador da versão
Campo de controlo 20240813121923.0
095 ## -
-- PTBN00279249
100 ## - Dados gerais de processamento
Dados gerais de processamento 19980930d1974 am y0pory5003 ba
102 ## - Pais de publicação ou produção
País de publicação Portugal
101 1# - Língua de publicação
Língua do texto, banda sonora, etc. Português
Língua do documento no original Italiano
106 ## - Campo de dados codificados: material textual
Dados codificados do material textual r
105 ## - Campo de dados codificados: livros
Dados codificados dos livros c z 001ad
215 ## - Descrição física 
Indicação específica da natureza do documento e extensão da espécie 148, [1] p., 1 f.
Outras indicações físicas fotog.
Dimensões 21 cm
200 1# - Titulo e menção de responsabilidade
Título próprio A minha vida é trepar
Primeira menção de responsabilidade Cesare Maestri
Outras menções de responsabilidade trad. António Leitão
225 2# - Colecção 
Título próprio da colecção Aventura e ciência
Indicação de volume 8
210 ## - Publicação, Distribuição, etc. 
Lugar da edição, distribuição, etc. Lisboa
Nome do editor, distribuidor, etc. Aster
Data da publicação, distribuição, etc. reimp. 1974
304 ## - Notas relativas a título e menção de responsabilidade 
Texto da nota Tít. orig.: Arrampicare è il mio mestiere
606 ## - Nome comum usado como assunto
Número de registo de entrada de autoridade 0000479
Palavra de ordem Literatura estrangeira juvenil
Subdivisão de assunto Romance de aventuras
675 ## - Classificação Decimal Universal (CDU)
Notação 82-311.3
Edição
Língua da edição por
702 #1 - Nome de autor-pessoa física (responsabilidade secundária)
Número de registo de entrada de autoridade 0000781
Palavra de ordem Leitão
Outra parte do nome não tomada para palavra de ordem António
Código de função Tradutor
700 #1 - Nome de autor-pessoa física (responsabilidade principal)
Número de registo de entrada de autoridade 0000780
Palavra de ordem Maestri
Outra parte do nome não tomada para palavra de ordem Cesare
942 ## - Elementos de entrada adicionados (Koha)
Tipo de item no Koha Livro
Exemplares
Situação do levantamento Origin of item (home branch) (coded) Biblioteca de empréstimo Código de barras Cota Circulation type (not for loan) Tipo de documento Nota do exemplar Damaged status
  Biblioteca Escolar da Coca Maravilhas Biblioteca Escolar da Coca Maravilhas BECM3504/98 8EST MAE   Livro Sem mensagem